The Americas Geography by letters H & G, excluding the U.S. - Statistics

General Stats
  • This quiz has been taken 93 times
  • The average score is 15 of 20
Answer Stats
Hint Answer % Correct
Most populous country in Central America Guatemala
97%
Other half of the above Haiti
97%
Island group famous for Giant Tortoises Galapagos Islands
94%
Capital of Cuba Havana
94%
Island of Dominican Republic Hispaniola
94%
Central American nation Honduras
94%
Caribbean island nation Grenada
93%
Capital of Guyana Georgetown
87%
Second largest city in Mexico Guadalajara
84%
Where Atlantic and Pacific Ocean meet, Cape ____ Cape Horn
80%
Large body of water in northeastern Canada Hudson Bay
79%
Capital of Nova Scotia Halifax
76%
South American horseman Gaucho
70%
French overseas region in the Caribbean Guadeloupe
67%
Largest city in Ecuador Guayaquil
67%
Largest island in the Americas Greenland
66%
Largest lake in Canada Great Bear Lake
60%
Deepest lake in North America Great Slave Lake
50%
Both currency and official language of Paraguay Guarani
34%
Acapulco's state in Mexico Guerrero
17%
No matching quizzes found
Score Distribution
Percent of People with Each Score
Percentile by Number Answered
Your Score History
You have not taken this quiz